| 000 | 00914nam a2200277Ia 4500 | ||
|---|---|---|---|
| 999 |
_c53649 _d53649 |
||
| 001 | 20696 | ||
| 003 | GE_BSU | ||
| 005 | 20221105220145.0 | ||
| 008 | 181216s2016||||xx |||||||||||||| ||eng|| | ||
| 020 | _a9789385999116 1 | ||
| 040 | _cGE_BSU | ||
| 041 | _aeng | ||
| 080 | _a612 S-46 | ||
| 100 |
_aSembulingam, K . _98336 |
||
| 245 |
_aEssentials of Medical Physiology / _cK. Sembulingam, Prema Sembulingam. |
||
| 250 | _aSeventh edition | ||
| 264 |
_aNew Delhi : _bThe Health Sciences Publisher, _c2016. |
||
| 300 |
_a1111 p. : _bill. ; _c27cm. |
||
| 541 | _h159 Gel. | ||
| 653 | _aEssentials of Medical Physiology | ||
| 653 | _aОсновы медицинской физиологии | ||
| 653 | _aმედიცინა | ||
| 653 | _aსამედიცინო ფიზიოლოგიის საფუძვლები | ||
| 700 |
_aSembulingam, Prema _dBy _910323 |
||
| 942 |
_cBK _2udc |
||